Fundamental University Physics 2. : Fields and wawes /

Enregistré dans:
Détails bibliographiques
Auteurs principaux: Alonso, Marcelo (Auteur), Finn, Edward J (Auteur)
Format: Livre
Langue:anglais
Publié: Reading : Addison-Wesley Publishing Company, 1983
Édition:2-nd ed.
Tags: Ajouter un tag
Pas de tags, Soyez le premier à ajouter un tag!

MARC

LEADER 00000nam a22000003a 4500
001 stu26329
005 20150617225743.6
008 910513s1983----uk------------------eng-d
040 |a STU  |b slo 
041 0 |a eng 
044 |a uk 
080 |a 530 
100 1 |a Alonso, Marcelo  |4 aut 
245 1 |a Fundamental University Physics 2. :  |b Fields and wawes /  |c [aut]Alonso,Marcelo;Finn,Edward J 
250 |a 2-nd ed. 
260 |a Reading :  |b Addison-Wesley Publishing Company,  |c 1983 
300 |a 658 s 
700 1 |a Finn, Edward J  |4 aut 
996 |b 284V022941  |c V*39837/O-16866 II.  |l VVS  |s A  |a 24  |w stu26329_0001